Dios : la naturaleza de Dios : solución tomista de las antinomias agnósticas /
Guardado en:
| Autor principal: | |
|---|---|
| Formato: | Libro |
| Idioma: | Español |
| Publicado: |
Buenos Aires, Argentina :
Emecé,
1950, c1950
|
| Colección: | (Sophia, Biblioteca de Filosofía e Historia)
|
| Temas: | |
| Etiquetas: |
Sin etiquetas, Sé el primero en etiquetar este registro!
|
MARC
| LEADER | 00000nam^a2200000^a^4500 | ||
|---|---|---|---|
| 001 | 000386082 | ||
| 005 | 20250521000000.0 | ||
| 009 | 20260310120950.278 | ||
| 037 | |a Acervo Xavier Clavigero | ||
| 041 | |a ESP | ||
| 082 | |a 231. |b GAR V. 2 | ||
| 100 | |a Garrigou-Lagrange, Réginald |e (autor) | ||
| 240 | 1 | 1 | |a [Dios, su existencia y su naturaleza] |
| 245 | 1 | 0 | |a Dios : |b la naturaleza de Dios : solución tomista de las antinomias agnósticas / |c R. Garrigou-Lagrange ; tr. por José San Román Villasante. |
| 264 | 4 | |a Buenos Aires, Argentina : |b Emecé, |c 1950, c1950 | |
| 300 | |a 420 p. | ||
| 336 | |a texto |b txt |2 rdacontenido | ||
| 337 | |a sin mediación |b n |2 rdamedio | ||
| 338 | |a volumen |b nc |2 rdasoporte | ||
| 440 | 1 | |a (Sophia, Biblioteca de Filosofía e Historia) | |
| 500 | |a Traducción de: Dieu, son existence et sa nature | ||
| 545 | 0 | |a Réginald Garrigou-Lagrange (1877-1964) fue un teólogo, filósofo y sacerdote dominico francés, conocedor y crítico de los conceptos del modernismo, defendió la Nueva Teología que propugnaba por el regreso a las fuentes originales del cristianismo por medio del renacimiento de la filosofía tomista. Durante cincuenta años impartió diversas cátedras como de teología fundamental, teología dogmática y metafísica, incluso se abrió un curso especialmente para él de teología mística y ascética en el Angelicum de Roma. Escribió una variedad de artículos y alrededor de 30 libros de los que destacan títulos como: Dios: Su existencia solución tomista de las antinomias agnósticas, El realismo del principio de finalidad, El Sentido del misterio, La madre del Salvador y nuestra vida interior, La providencia y la confianza en Dios, La síntesis tomista, La unión del sacerdote con Cristo Sacerdote y Victima y La vida eterna y la profundidad del alma. | |
| 561 | |a Ex libris de Instituto de Literatura Puente Grande, Jal. | ||
| 561 | |a Ex libris de Bibl. Iunioratus Dom. Prob. S. Ioseph | ||
| 649 | |a XX | ||
| 650 | |a Dios - |x Prueba Ontológica | ||
| 650 | |a Dios - |x Atributos | ||
| 650 | |a Dios - |x Tema Principal | ||
| 650 | |a Tomismo | ||
| 650 | |a Ciencia | ||
| 650 | |a Cristianismo - |x Filosofía | ||
| 650 | |a Filosofía y Religión | ||
| 650 | |a Teología Doctrinal - |x Tema Principal | ||
| 910 | |a Fondo General | ||
| 920 | |a Impresos - Libros | ||
| 930 | |a Colección General | ||
| 905 | |a 101 | ||
| 901 | |a 030918 |b IT1 |c ACC |u 20250521 | ||
| 902 | |a https://opac.biblio.iteso.mx/vufind/Record/000386082 | ||